Dying, death and grief : (Record no. 9004)

MARC details
000 -LEADER
fixed length control field 02213cam a22005054a 4500
001 - CONTROL NUMBER
control field 15095566
003 - CONTROL NUMBER IDENTIFIER
control field OSt
005 - DATE AND TIME OF LATEST TRANSACTION
control field 20240628104356.0
008 - FIXED-LENGTH DATA ELEMENTS--GENERAL INFORMATION
fixed length control field 071128s2008 enk b 001 0 eng
010 ## - LIBRARY OF CONGRESS CONTROL NUMBER
LC control number 2007942229
015 ## - NATIONAL BIBLIOGRAPHY NUMBER
National bibliography number GBA741470
Source bnb
016 7# - NATIONAL BIBLIOGRAPHIC AGENCY CONTROL NUMBER
Record control number 101486535
Source DNLM
016 7# - NATIONAL BIBLIOGRAPHIC AGENCY CONTROL NUMBER
Record control number 013756279
Source Uk
020 ## - INTERNATIONAL STANDARD BOOK NUMBER
International Standard Book Number 9781412934145
020 ## - INTERNATIONAL STANDARD BOOK NUMBER
International Standard Book Number 1412934141
020 ## - INTERNATIONAL STANDARD BOOK NUMBER
International Standard Book Number 9781412934152 (pbk.)
020 ## - INTERNATIONAL STANDARD BOOK NUMBER
International Standard Book Number 141293415X (pbk.)
035 ## - SYSTEM CONTROL NUMBER
System control number (OCoLC)ocn137313407
040 ## - CATALOGING SOURCE
Original cataloging agency NLM
Transcribing agency MUST
Modifying agency UKM
-- BAKER
-- BTCTA
-- YDXCP
-- BWKUK
-- BWK
-- CDX
-- BWX
-- CS1
-- YBM
-- IOG
-- LML
-- DEBSZ
-- DLC
042 ## - AUTHENTICATION CODE
Authentication code nlmcopyc
-- lccopycat
082 04 - DEWEY DECIMAL CLASSIFICATION NUMBER
Classification number 306.9 MAL 2008
100 1# - MAIN ENTRY--PERSONAL NAME
Personal name Mallon, Brenda.
9 (RLIN) 18286
245 10 - TITLE STATEMENT
Title Dying, death and grief :
Remainder of title working with adult bereavement /
Statement of responsibility, etc. Brenda Mallon.
260 ## - PUBLICATION, DISTRIBUTION, ETC. (IMPRINT)
Place of publication, distribution, etc. London ;
-- Thousand Oaks, Calif. :
Name of publisher, distributor, etc. SAGE,
Date of publication, distribution, etc. 2008.
300 ## - PHYSICAL DESCRIPTION
Extent ix, 190 p. ;
Dimensions 25 cm.
504 ## - BIBLIOGRAPHY, ETC. NOTE
Bibliography, etc Includes bibliographical references (p. [162]-184) and index.
505 0# - FORMATTED CONTENTS NOTE
Formatted contents note Attachment and loss, death and dying. Theoretical foundations for bereavement counselling -- When death happens -- Core skills in working with those who grieve -- When the worst you can possible imagine happens: murder, manslaughter and suicide -- She should be over it by now: complicated grief -- Spirituality, religion, culture and rituals -- Creative approaches to expressing grief -- Dreams in dying, death and grief.
650 #0 - SUBJECT ADDED ENTRY--TOPICAL TERM
Topical term or geographic name as entry element Grief.
9 (RLIN) 18287
650 #0 - SUBJECT ADDED ENTRY--TOPICAL TERM
Topical term or geographic name as entry element Bereavement.
9 (RLIN) 18288
650 #0 - SUBJECT ADDED ENTRY--TOPICAL TERM
Topical term or geographic name as entry element Counseling.
9 (RLIN) 5122
650 #0 - SUBJECT ADDED ENTRY--TOPICAL TERM
Topical term or geographic name as entry element Grief therapy.
9 (RLIN) 18289
650 12 - SUBJECT ADDED ENTRY--TOPICAL TERM
Topical term or geographic name as entry element Counseling
General subdivision methods.
9 (RLIN) 14088
650 22 - SUBJECT ADDED ENTRY--TOPICAL TERM
Topical term or geographic name as entry element Attitude to Death.
9 (RLIN) 18290
650 22 - SUBJECT ADDED ENTRY--TOPICAL TERM
Topical term or geographic name as entry element Grief.
9 (RLIN) 18291
650 22 - SUBJECT ADDED ENTRY--TOPICAL TERM
Topical term or geographic name as entry element Object Attachment.
9 (RLIN) 18292
650 #7 - SUBJECT ADDED ENTRY--TOPICAL TERM
Topical term or geographic name as entry element Grief.
Source of heading or term blmsh
9 (RLIN) 18293
650 #7 - SUBJECT ADDED ENTRY--TOPICAL TERM
Topical term or geographic name as entry element Bereavement.
Source of heading or term blmsh
9 (RLIN) 18294
650 #7 - SUBJECT ADDED ENTRY--TOPICAL TERM
Topical term or geographic name as entry element Counseling.
Source of heading or term blmsh
9 (RLIN) 5122
650 #7 - SUBJECT ADDED ENTRY--TOPICAL TERM
Topical term or geographic name as entry element Grief therapy.
Source of heading or term blmsh
9 (RLIN) 18295
856 41 - ELECTRONIC LOCATION AND ACCESS
Materials specified Table of contents only
Uniform Resource Identifier http://www.loc.gov/catdir/enhancements/fy1108/2007942229-t.html
856 42 - ELECTRONIC LOCATION AND ACCESS
Materials specified Publisher description
Uniform Resource Identifier http://www.loc.gov/catdir/enhancements/fy1108/2007942229-d.html
906 ## - LOCAL DATA ELEMENT F, LDF (RLIN)
a 7
b cbc
c copycat
d 2
e ncip
f 20
g y-gencatlg
942 ## - ADDED ENTRY ELEMENTS (KOHA)
Source of classification or shelving scheme Dewey Decimal Classification
Koha item type Open Shelf
Holdings
Withdrawn status Lost status Source of classification or shelving scheme Damaged status Not for loan Home library Current library Date acquired Source of acquisition Inventory number Total Checkouts Full call number Barcode Date last seen Price effective from Koha item type
    Dewey Decimal Classification     MUST Main Library MUST Main Library 28/06/2024 Donation 2010/32187   306.9 MAL 2008 2024-21586 28/06/2024 28/06/2024 Open Shelf